Регионална библиотека "Любен Каравелов" - Русе

В името на Измаил (Запис номер 107684)

MARC детайли
000 -Лидер
Контролно поле с фиксирана дължина 01202nam a2200361 c 4500
003 - Код на организацията, давaща контролен номер
Контролно поле BLK
005 - Дата и час на последна редакция
Контролно поле 20250729134926.0
008 - Елементи от данни с фиксирана дължина
fixed length control field 180409b bul|||||r ||||||| ||bul||
010 ## - Наследен системен номер
LC control number KNG00112975000
020 ## - Международен стандартен номер на книга ISBN
Международен стандартен номер на книга ISBN 954-585-533-9
040 ## - Източник на каталожния запис
Идентификатор на билиотеката - собственик на записа BLK
041 ## - Код за език
Код за езика на текст/звукозапис или на отделно заглавие Български
Код за езика КДБФ Български
080 ## - УДК
Текстов определител УДК Италианска литература
УДК код - определител по УДК 821.131.1
УДК определител -312.4
УДК - код + определител 821.131.1-312.4
100 1# - Редна дума - Автор
Автор Джена, Джузепе
Авторска отговорност първи автор
R(LIN) 311017
139 ## - Редно поле
Редна дума Джена, Джузепе
Авторски знак Дже - Д 50
245 10 - Сведения за заглавието
Заглавие В името на Измаил
Подзаглавни данни Роман
Редно поле (дума) Джузепе Джена; прев. Ваньо Попов.
257 ## - Страна на издаване
Страна на създаване/издаване Италия
260 ## - Област на издателските данни
Име на издателя, разпространителя и проч. Бард
Година на издаване 2004
300 ## - Физическа характеристика
Страници 492 с.
Размери/Мащаб 20 см
380 ## - Жанр
Жанр Худож. лит.
490 ## - СЕРИИ (Колекции)
Име на серия Кралете на трилъра
9 (RLIN) 201353
500 ## - Общи забележки
Забележка Ориг. загл. Nel nome di Ismael / Guiseppe Genna. - Офс. изд.
653 ## - Ключова дума – ненормативна
Ключова дума трилъри
653 ## - Ключова дума – ненормативна
Ключова дума романи
700 1# - Други автори (авторска отговорност)
Лично име Попов, Ваньо
Автороска отговорност (Описва отношението между автора и произведението) прев.
9 (RLIN) 375447
852 ## - Местоположение
Форматна сигнатура Цб 219456
856 4# - Електронен адрес и достъп
Електронен формат pdf - файл
856 4# - Електронен адрес и достъп
Електронен формат pdf - файл
999 ## - СИСТЕМНИ КОНТРОЛНИ НОМЕРА
Koha biblionumber 107684
Koha biblioitemnumber 107684
942 ## - АРТИКУЛИ
Вид на библиотечния материал Книги
Скрит в OPAC Не
Koha issues (borrowed), all copies 14
Периодичен библиозапис Да
944 ## - СЪЗДАВАНЕ И РЕДАКЦИЯ на ЗАПИСА
Създаване/Редакция Създаване
Дата на регистрацията/редакция 11.05.2004
Статус, дата на статуса Цветомила Тодорова
Служител, извършил регистрацията/редакцията 30576
944 ## - СЪЗДАВАНЕ И РЕДАКЦИЯ на ЗАПИСА
Създаване/Редакция Редакция
Дата на регистрацията/редакция 11.12.2013
Статус, дата на статуса ф /
999 ## - СИСТЕМНИ КОНТРОЛНИ НОМЕРА
Koha biblioitemnumber 107684
Наличности
Код за отписване Код за изгубен артикул Източник на класификационната схема Код за повреда Коз за рестрикции Код за отдаване Артикулен № Име на библиотеката - собственик Име на библиотеката, в която се намира в момента Статус (Текущо местоположение) Дата на вписване в системата Местоположение - отдел Цена в лева Инвентарен номер Систематично азбучна сигнатура Баркод Номер на екземпляра Цена в евро Служебна бележка Служебен тип на артикула
  Не е изгубен Universal Decimal Classification Не е повреден без рестрикции заемане за дома 173700 Регионална библиотека "Любен Каравелов" Русе Регионална библиотека "Любен Каравелов" Русе Заемна - подръчен фонд 2004-05-11 Заемна - подръчен фонд 7.99 120000685333 П 850-31/Д 50 120000685333 1 4.09 Дост: Pk Вид: Ф N: 17 Дата: 11.05.2004 Дата инв: 12.02.2018 Бележки инв: П2018 Книги
  Не е изгубен   Не е повреден без рестрикции ползва се в читалня 173701 Регионална библиотека "Любен Каравелов" Русе Регионална библиотека "Любен Каравелов" Русе Хранилище 2007-02-06 Хранилище 7.99 120000709339 Цб 219456 120000709339 2 4.09 Дост: Dp Вид: Д N: 12 Дата: 01.03.2006 Книги
  Не е изгубен Universal Decimal Classification Не е повреден без рестрикции заемане за дома 173702 Регионална библиотека "Любен Каравелов" Русе Регионална библиотека "Любен Каравелов" Русе Заемна - подръчен фонд 2013-12-09 Заемна - подръчен фонд 7.99 120000772796 П 850-31/Д 50 120000772796 3 4.09 Дост: DA Вид: А N: 20 Дата: 09.12.2013 Дата инв: 12.02.2018 Бележки инв: П2018 Книги
Vip Innovations Ltd, Rousse, Bulgaria 2025